Súbor gramatických cvičení z francúzskeho jazyka
Salvato in:
| Autore principale: | |
|---|---|
| Ente Autore: | |
| Altri autori: | |
| Natura: | Libro |
| Lingua: | slovacco francese |
| Pubblicazione: |
Bratislava
Ekonóm
1997
|
| Edizione: | 1. vyd. |
| Soggetti: | |
| Tags: |
Nessun Tag, puoi essere il primo ad aggiungerne!!
|
MARC
| LEADER | 00000nam a2200000 4500 | ||
|---|---|---|---|
| 001 | c019095 | ||
| 005 | 20221214072052.7 | ||
| 020 | |a 80-225-0871-3 | ||
| 041 | 0 | |a slo | |
| 041 | 0 | |a fre | |
| 044 | |a SK | ||
| 245 | 1 | 0 | |a Súbor gramatických cvičení z francúzskeho jazyka |c Ľubica Petríková, Rút Jónová |
| 250 | |a 1. vyd. | ||
| 264 | 1 | |a Bratislava |b Ekonóm |c 1997 | |
| 300 | |a 52 s. | ||
| 610 | 2 | 0 | |a jazykoveda |
| 610 | 2 | 0 | |a francúzština |
| 610 | 2 | 0 | |a terminológia |
| 100 | 1 | |a Petríková, Ľubica | |
| 700 | 1 | |a Jónová, Rút | |
| 710 | 2 | |a Ekonomická univerzita v Bratislave. Ústav jazykov | |